La pensée d'Héraclite d'éphèse: et la vision présocratique du monde

Wedi'i Gadw mewn:
Manylion Llyfryddiaeth
Prif Awdur: Jeannière, Abel (Awdur)
Fformat: Llyfr
Iaith:Ffrangeg
Cyhoeddwyd: París Aubier 1959
Cyfres:Philosophie de l'esprit
Pynciau:
Tagiau: Ychwanegu Tag
Dim Tagiau, Byddwch y cyntaf i dagio'r cofnod hwn!

MARC

LEADER 00000nam a2200000 a 4500
001 UCY5833
003 CL-VaPUC
008 950512e19590000FR |||||||||||||||||fre|d
082 0 4 |a 182.4  |b JEA  |2 21 
100 0 |a Jeannière, Abel  |e author  |9 335158 
245 1 3 |a La pensée d'Héraclite d'éphèse: et la vision présocratique du monde 
300 |a 125 p 
942 |c BK 
945 |d 19950512 00:00:00  |a oaravena 
260 |a París  |b Aubier  |c 1959 
600 0 |a HERACLITO  |9 848988 
650 0 |a Filosofía   |9 223554 
650 7 |a HOMBRE  |2 CL-VaPUC  |9 262149 
650 7 |a FRAGMENTOS FILOSOFICOS  |2 CL-VaPUC  |9 335160 
650 0 |a Filosofía del espíritu  |9 320175 
650 0 |a Presocráticos  |9 325852 
650 0 |a Filosofía antigua   |9 255705 
651 0 |a Grecia  |9 265314 
583 |a last modification  |c 20120828 09:40:26  |k Rodrigo Vera 
490 0 |a Philosophie de l'esprit 
999 |c 233440  |d 233438 
952 |0 0  |1 0  |4 0  |6 182_400000000000000_JEA_1959  |7 0  |8 P  |9 238978  |a BIBEDU  |b BIBEDU  |c BIBEDU_PB  |d 2019-11-18  |i 1500066  |l 1  |o 182.4 JEA 1959  |p 1500066  |r 2024-01-25  |s 2023-10-05  |w 2019-11-18  |y BK  |k FIL